Statistics for Complete the Famous Plays

Click here to take the quiz!

General Stats

  • This quiz has been taken 89 times
  • The average score is 14 of 20

Answer Stats

Playwright Play % Correct
E. AlbeeWho's Afraid of {Virginia} Woolf?
95%
T. Williams{Cat} on a Hot Tin Roof
95%
T. WilliamsA Streetcar Named {Desire}
93%
A. MillerDeath of a {Salesman}
91%
S. Beckett{Waiting} for Godot
86%
W. ShakespeareComedy of {Errors}
86%
O. WildeThe Importance of Being {Earnest}
84%
SophoclesOedipus {Rex}
82%
T. StoppardRosencrantz and Guildenstern are {Dead}
82%
H. IbsenA {Doll}'s House
73%
O. WildeAn Ideal {Husband}
63%
W. ShakespeareThe {Winter}'s Tale
61%
E. O'NeillThe {Iceman} Cometh
61%
L. HansberryA {Raisin} in the Sun
59%
A.ChekhovThe {Cherry} Orchard
59%
B. BrechtThe Threepenny {Opera}
57%
C. Marlowe{Doctor} Faustus
55%
G. B. ShawArms and the {Man}
50%
J.B. PriestleyAn {Inspector} Calls
41%
C. ChurchillTop {Girls}
18%

Score Distribution

Percentile by Number Answered

Percent of People with Each Score

Your Score History

You have not taken this quiz